American government (Бичлэгийн дугаар. 145246)
| 000 -УДИРДЛАГА | |
|---|---|
| Удирдлага | 01265nam a22003377a 4500 |
| 003 - ХЯНАЛТЫН ТОО ТОДОРХОЙЛОГЧ | |
| Код | MN-UlNUM |
| 005 - БИЧИЛТ ХИЙСЭН ОГНОО | |
| Тухайн бичилтийг бичсэн засварласан сүүлийн огноо | 20251113163329.0 |
| 008 - ЕРӨНХИЙ МЭДЭЭЛЭЛ | |
| Ерөнхий мэдээлэл | 251104s1986 mau 001 0 eng d |
| 020 ## - ISBN | |
| ISBN | 0669076791 |
| -- | 0669076790 |
| 040 ## - БИЧЛЭГ ҮҮСГЭГЧ БАЙГУУЛЛАГА | |
| Бичлэг үүсгэгч номын сангийн код | МУИС-ийн номын сан |
| 084 ## - ББК АНГИЛАЛ | |
| Нэмэлт тусгалт | Нэг сэдэвт бүтээл |
| ББК ангилал | 66.3 |
| Зохиогчийн гурван тэмдэгт | W 68 |
| Мэдлэгийн ялгаа | 66 - Улс төр |
| 100 ## - ЗОХИОГЧ | |
| Зохиогчийн нэр | Wilson, James Q |
| 245 ## - ҮНДСЭН ГАРЧИГ | |
| Номын нэр | American government |
| Бага гарчгийн мэдээ | institutions and policies |
| 250 ## - ДАХИН ХЭВЛЭЛТ | |
| Дахин гаралтын дугаар | 3rd edition |
| 260 ## - ГАРАЛТЫН МЭДЭЭ | |
| Хэвлэгдсэн газар | Lexington, Mass |
| Хэвлэлийн газар | D.C. Heath |
| Хэвлэгдсэн он | 1986 |
| 300 ## - МАТЕРИАЛЫН ТОДОРХОЙЛОЛТ | |
| хуудасны тоо | xv, 642, 88 p., [16] p. of plates : |
| Бусад тоон мэдээлэл | ill. (some col.) ; |
| Хэмжээ | 25 cm |
| 500 ## - Тайлбар | |
| Дансны дугаар | БС 3449 |
| 505 ## - Агуулгын тэмдэглэгээ | |
| Агуулгын тэмдэглэгээ | For each chapter, the Student Handbook includes focus points, a study outline, key terms, notes about possible misconceptions, a data check, practice exam questions, and special application projects, as well as answers to all chapter exercises (excluding the essay questions). |
| 546 ## - ХЭЛНИЙ ТУХАЙ МЭДЭЭ | |
| Хэл | Англи хэл дээр, |
| 653 ## - Түлхүүр үг | |
| Түлхүүр үг | United States |
| 653 ## - Түлхүүр үг | |
| Түлхүүр үг | politics |
| 653 ## - Түлхүүр үг | |
| Түлхүүр үг | government |
| 740 ## - НОМЫН ГАРЧИГ | |
| Гарчиг | The American system |
| 740 ## - НОМЫН ГАРЧИГ | |
| Гарчиг | Opinions, interests, and organization |
| 740 ## - НОМЫН ГАРЧИГ | |
| Гарчиг | Institutions of goverment |
| 740 ## - НОМЫН ГАРЧИГ | |
| Гарчиг | The politics of public policy |
| 740 ## - НОМЫН ГАРЧИГ | |
| Гарчиг | The nature of american democracy |
| 942 ## - ЭЛЕМЕНТИЙН ТӨРӨЛ | |
| Зүйлийн төрөл | Ном |
